Kennzeichen Europas - Statistiken

Allgemein
  • Dieses Quiz wurde 1.254 mal gespielt
    1.164 seit der letzten Aktualisierung
  • Das Durchschnittsergebnis liegt bei 40 aus 45
Antwortstatistiken
Bildquiz Antwort % Korrekt
Deutschland
100%
Niederlande
99%
Norwegen
99%
Tschechien
99%
Finnland
98%
Island
98%
Slowenien
98%
Russland
97%
Frankreich
96%
Schweiz
96%
Belgien
95%
Irland
95%
Ukraine
95%
Estland
94%
Polen
94%
Vereinigtes Königreich
94%
Litauen
93%
Serbien
93%
Albanien
92%
Dänemark
92%
Österreich
92%
Slowakei
92%
Moldawien
91%
Rumänien
91%
Andorra
90%
Bulgarien
89%
Italien
89%
Lettland
89%
Ungarn
89%
Belarus
88%
Griechenland
88%
Monaco
87%
Schweden
87%
Luxemburg
86%
San Marino
86%
Portugal
83%
Spanien
78%
Nordmazedonien
72%
Vatikan
72%
Liechtenstein
71%
Malta
71%
Bosnien und Herzegowina
69%
Kroatien
67%
Montenegro
65%
Kosovo
53%
Keine übereinstimmenden Quizze gefunden
Verteilung der Resultate
Anzahl Personen mit jedem Resultat
Perzentil nach korrekt beantworteten Fragen
Ihre Resultats-Entwicklung
Sie haben dieses Quiz seit der letzten Aktualisierung nicht gespielt